000 01423namaa2200337 i 4500
003 EG-GICUC
005 20260128110630.0
008 260126s2010 ua adkljr|||| 000 0 ara d
017 _a2010 / 10059
_bدار الكتب والوثائق القومية (مصر)
020 _a978977704914
040 _aEG-GiCUC
_bara
_cEG-GiCUC
_dEG-GiCUC
_erda
043 _af-ua---
082 0 4 _221
_a338.962
_bH344
092 0 4 _221
_a338.962
_bH344
099 _a338.962 H344
100 1 _aحسنين، ناصر جلال
_eمؤلف.
245 1 _a‏قضايا اقتصادية معاصرة :
_b(‏الدور الاقتصادى الجديد للدولة فى ظل آليات السوق) /
_c‏ناصر جلال حسنين.
250 _aالطبعة الاولى
264 _aالقاهرة(مصر) :
_bالمجلس الأعلى للثقافة،
_c2010.
300 _a372 صفحة :
_bإيضاحيات، رسوم بيانية ؛
_c24 سم
336 _2rdacontent
_atext
337 _2rdamedia
_aUnmediated
338 _2rdacarrier
_avolume
504 _aيشتمل على ارجاعات ببليوجرافية.
541 _aد. جابر عصفور ؛
_bالقاهرة ؛
_cإهداء ؛
_d2024.
650 1 7 _aالتنمية الاقتصادية
_2qrmak
650 1 7 _aالتنمية الاقتصادية
_zمصر
_2qrmak
651 1 7 _2qrmak
_aمصر
_xاحوال اقتصادية
905 _aAya
942 _2ddc
_cBK
_e21
_n0
999 _c178042
_d178042